000
00209nam a2200085Ia 4500
942
_c
BK
245
0
_a
INFORMATION SKILLS
100
_a
JONATHAN GRIX & GERALD WATKINS
008
210804s9999 xx 000 0 und d
999
_c
41348
_d
41347